Les clubs de ligue 1 2025/2026 n'ayant jamais gagné le championnat - Statistiques

Statistiques générales
  • Ce quiz a été pris 60 fois
  • Le résultat moyen est 7 sur 8
Statistiques - réponses
Réponse % Correct
Stade Rennais Football Club
93%
Football Club de Metz
91%
Football Club Lorient-Bretagne Sud
91%
Toulouse Football Club
90%
Paris Football Club
86%
Angers Sporting Club de l'Ouest
84%
Le Havre Athletic Club Football
84%
Stade Brestois 29
81%
Aucun quiz correspondant
Distribution des résultats
% des personnes avec chaque résultat
Percentile par nombre de réponses
Votre historique - résultats
Vous n’avez pas pris ce quiz